| 000 | 004540000a22001930004500 | ||
|---|---|---|---|
| 003 | LK-CoMWRAF | ||
| 005 | 20231002223354.0 | ||
| 008 | 230817t ||||| |||| 00| 0 eng d | ||
| 040 |
_aLK-CoMWRAF _dLK-CoMWRAF _eLK-CoMWRAF |
||
| 041 | _aeng | ||
| 082 |
_a323.34 _bSTE |
||
| 100 | _aStephen N | ||
| 245 |
_aBetween two worlds : _bWowen's rights |
||
| 250 | _a3rd Edition | ||
| 260 | _c1986 | ||
| 300 | _a165p | ||
| 650 | _aWomens--Rights | ||
| 942 | _cBK | ||
| 999 |
_c310 _d310 |
||